000 00691nam a2200253Ia 4500
003 OSt
005 20221006144044.0
006 a|||||r|||| 00| 0
007 ta
008 221006b |||||||| |||| 00| 0 eng d
020 _c
_6.00
024 _a10,749
037 _cTextual
040 _aEASL
_cEASL
_beng
041 _2eng
_aeng
082 _aW691.1, k3
100 _aKIRKPATRICK Jeane J Ed.
_997800
245 0 _aStrategy of deception
_b a study in world-wide communist tactics
260 _aNew York
_bFarrar, straus
_c1963
300 _a444p.
_ccm.
490 _v Oth
942 _hW691.1, k3
_cTEXL
_2CC
999 _c1078835
_d1078835